000 00308nam a22001457a 4500
008 230127b ||||| |||| 00| 0 eng d
020 _a0042682281
041 _aeng
080 _2VOLUME108
_a573
082 _a573HIR
100 _a14
101 _aBIO
245 _aVIROLOGY
_cHIRST K G
942 _2udc
_cBK
999 _c59290
_d59290